Sam Fender Songs - Statistics

General Stats
  • This quiz has been taken 433 times
  • The average score is 18 of 29
Answer Stats
Hint Answer % Correct
Hypersonic Missiles Hypersonic Missiles
99%
Seventeen Going Under Seventeen Going Under
96%
Hypersonic Missiles Will We Talk?
83%
Hypersonic Missiles The Borders
79%
Hypersonic Missiles Dead Boys
76%
Seventeen Going Under Getting Started
74%
Seventeen Going Under Spit Of You
74%
Hypersonic Missiles Saturday
67%
Seventeen Going Under Aye
66%
Hypersonic Missiles Play God
66%
Seventeen Going Under Mantra
65%
Hypersonic Missiles White Privilege
65%
Seventeen Going Under Get You Down
64%
Seventeen Going Under (Deluxe Tracks) The Dying Light
64%
Hypersonic Missiles That Sound
60%
Hypersonic Missiles Call Me Lover
59%
Hypersonic Missiles Two People
58%
Hypersonic Missiles Leave Fast
57%
Seventeen Going Under (Deluxe Tracks) Angel In Lothian
56%
Seventeen Going Under Paradigms
56%
Hypersonic Missiles You're Not The Only One
56%
Seventeen Going Under Last To Make It Home
52%
Seventeen Going Under The Leveller
51%
Seventeen Going Under Long Way Off
50%
Hypersonic Missiles Use (live)
50%
Seventeen Going Under(Deluxe Tracks) Poltergeists
49%
Seventeen Going Under (Deluxe Tracks) Better Of Me
47%
Seventeen Going Under (Deluxe Tracks) Pretending That You're Dead
47%
Seventeen Going Under (Deluxe Tracks) Good Company
42%
No matching quizzes found
Score Distribution
Percent of People with Each Score
Percentile by Number Answered
Your Score History
You have not taken this quiz